000 00738nam a2200253 a 4500
001 4290383
003 OSt
005 20230623100756.0
008 851220s1985 nz a f001 0 eng
010 _a 85242213
040 _aDLC
_cDLC
_dDLC
043 _au-nz---
050 0 0 _aJQ5854
_b.W55 1985
082 0 0 _a328.93
_bSCH
100 1 _aWilson, J. O.
_cGuy H.Scholefield
245 1 0 _aNew Zealand parliamentary record, 1840-1949 /
260 _aWellington, N.Z. :
_bV.R. Ward, Govt. Printer,
_c1950
300 _a244p
_bill. ;
_c25 cm.
500 _aIncludes index.
610 1 0 _aNew Zealand.
_bParliament
_xHistory.
710 1 _aNew Zealand.
_bParliament.
906 _a7
_bcbc
_corignew
_d3
_encip
_f19
_gy-gencatlg
942 _2ddc
_cBK
999 _c2414
_d2414